Autocracy at work (Record no. 1078640)

MARC details
000 -LEADER
fixed length control field 00705nam a2200253Ia 4500
003 - CONTROL NUMBER IDENTIFIER
control field OSt
005 - DATE AND TIME OF LATEST TRANSACTION
control field 20221006144001.0
008 - FIXED-LENGTH DATA ELEMENTS--GENERAL INFORMATION
fixed length control field 221006b |||||||| |||| 00| 0 eng d
020 ## - INTERNATIONAL STANDARD BOOK NUMBER
-- 7.50
037 ## - SOURCE OF ACQUISITION
Terms of availability Textual
040 ## - CATALOGING SOURCE
Original cataloging agency EASL
Transcribing agency EASL
Language of cataloging eng
041 ## - LANGUAGE CODE
Source of code eng
Language code of text/sound track or separate title eng
100 ## - MAIN ENTRY--PERSONAL NAME
Personal name HUANG Pei
9 (RLIN) 650714
245 #0 - TITLE STATEMENT
Title Autocracy at work
Remainder of title A study of othe Yung-cheng period, 1723-1735
260 ## - PUBLICATION, DISTRIBUTION, ETC.
Place of publication, distribution, etc. Bloomington
Name of publisher, distributor, etc. Indiana University Press
Date of publication, distribution, etc. 1974
300 ## - PHYSICAL DESCRIPTION
Extent 500p.
Dimensions cm.
490 ## - SERIES STATEMENT
Volume/sequential designation CEL
Series statement East Asian Studies
942 ## - ADDED ENTRY ELEMENTS (KOHA)
Classification part W4.41.L35, L4
Koha item type Textual
Source of classification or shelving scheme Colon Classification (CC)
Holdings
Withdrawn status Lost status Source of classification or shelving scheme Damaged status Not for loan Home library Current library Date acquired Serial Enumeration / chronology Total Checkouts Full call number Barcode Date last seen Price effective from Koha item type
    Colon Classification (CC)     Department of East Asian Studies Library Department of East Asian Studies Library 2022-10-06 CEL   W4.41.L35 L4 EA0528142 2022-10-06 2022-10-06 Textual
Copyright @ Delhi University Library System